| 000 | 00660nam a22001937a 4500 | ||
|---|---|---|---|
| 003 | OSt | ||
| 005 | 20250625014619.0 | ||
| 008 | 250625b |||||||| |||| 00| 0 eng d | ||
| 020 | _a789-621-427-027-9 | ||
| 040 |
_aDWCL - Main lib _cOC |
||
| 082 | _aFil. 510 R456m 2018 | ||
| 100 | _aReues, Juan Apolinario C. | ||
| 245 |
_aMathematics in the modern world./ _cJuan Apolinario C, Juan |
||
| 260 |
_aIntramuros Manila : _bUnlimited books library services & publishing inc, _c c2018. |
||
| 300 |
_aviii, 247 pages : _b illustrations ; _c 25cm. |
||
| 504 | _aIncludes bibliographical references. | ||
| 650 | _a1. mathematics. | ||
| 942 |
_2ddc _cBK - FIL _kFil. _n0 |
||
| 999 |
_c3257 _d3257 |
||